00364 a2200109 4500020001500000082001500015100002000030245010400050260003500154300003400189650003100223 a0419262105 a690.22 LIN aLingard, Helen. aOccupational health and safety in construction project managementcHelen Lingard & Steve Rowlinson. aNew York :bSpon Press,c2005. axvi, 440p. :bill. ;c25 cm . aBuildingxSafety measures.